One-minute bedtime stories / (Record no. 8955)

MARC details
000 -LEADER
fixed length control field 01176cam a2200373 a 4500
001 - CONTROL NUMBER
control field 8955
003 - CONTROL NUMBER IDENTIFIER
control field FISKH
005 - DATE AND TIME OF LATEST TRANSACTION
control field 20251211091005.0
008 - FIXED-LENGTH DATA ELEMENTS--GENERAL INFORMATION
fixed length control field 811007s1982 nyua j 000 1 eng
010 ## - LIBRARY OF CONGRESS CONTROL NUMBER
LC control number 79008024
020 ## - INTERNATIONAL STANDARD BOOK NUMBER
International Standard Book Number 0385152922
020 ## - INTERNATIONAL STANDARD BOOK NUMBER
International Standard Book Number 0385152930
Qualifying information lib. bdg.
020 ## - INTERNATIONAL STANDARD BOOK NUMBER
International Standard Book Number 9780385152921
020 ## - INTERNATIONAL STANDARD BOOK NUMBER
International Standard Book Number 9780385152938
Qualifying information (lib. bdg.)
040 ## - CATALOGING SOURCE
Original cataloging agency DLC
Transcribing agency DLC
Modifying agency DLC
Language of cataloging eng
050 00 - LIBRARY OF CONGRESS CALL NUMBER
Classification number PZ5.L6
Item number On 1982
082 ## - DEWEY DECIMAL CLASSIFICATION NUMBER
Edition number 398.2
100 1# - MAIN ENTRY--PERSONAL NAME
Personal name Lewis, Shari.
245 10 - TITLE STATEMENT
Title One-minute bedtime stories /
Statement of responsibility, etc. by Shari Lewis with Lan O'Kun ; illustrated by Art Cumings.
260 ## - PUBLICATION, DISTRIBUTION, ETC.
Place of publication, distribution, etc. New York :
Name of publisher, distributor, etc. Doubleday,
Date of publication, distribution, etc. 1982.
300 ## - PHYSICAL DESCRIPTION
Extent 47 pages :
Other physical details color illustrations ;
Dimensions 27 cm
440 #0 - SERIES STATEMENT/ADDED ENTRY--TITLE
Title Doubleday balloon books
505 ## - FORMATTED CONTENTS NOTE
Formatted contents note N <br/>
520 ## - SUMMARY, ETC.
Summary, etc. A collection of twenty one-minute stories including well-known fairy tales, legends, and fables.
521 8# - TARGET AUDIENCE NOTE
Target audience note 550 <br/>
Source Lexile estimate <br/>
521 8# - TARGET AUDIENCE NOTE
Target audience note N <br/>
Source Raz-Plus <br/>
650 #0 - SUBJECT ADDED ENTRY--TOPICAL TERM
Topical term or geographic name entry element Children's literature.
650 #1 - SUBJECT ADDED ENTRY--TOPICAL TERM
Topical term or geographic name entry element Literature
General subdivision Collections.
700 1# - ADDED ENTRY--PERSONAL NAME
Personal name O'Kun, Lan.
700 1# - ADDED ENTRY--PERSONAL NAME
Personal name Cumings, Art,
Relator term illustrator
906 ## - LOCAL DATA ELEMENT F, LDF (RLIN)
a 7
b cbc
c orignew
d 1
e ocip
f 19
g y-gencatlg
942 ## - ADDED ENTRY ELEMENTS (KOHA)
Source of classification or shelving scheme Dewey Decimal Classification
Koha item type Books
Suppress in OPAC No
Holdings
Withdrawn status Lost status Source of classification or shelving scheme Damaged status Not for loan Collection Home library Current library Shelving location Date acquired Total Checkouts Full call number Barcode Date last seen Copy number Price effective from Koha item type
    Dewey Decimal Classification     Juvenile Fiction Footprints International School Library Network Toul Tom Poung Campus Footprints International School Library Network Toul Tom Poung Campus TTP Primary Yellow Bookshelves 11/11/2025   LEW 398.2 PZ5.L6 O FISBK00477 11/11/2025 1 11/11/2025 Books